Learn Python The Hard Way (Record no. 219971)

MARC details
000 -LEADER
fixed length control field 00591nam a2200181Ia 4500
008 - FIXED-LENGTH DATA ELEMENTS--GENERAL INFORMATION
fixed length control field 230714s9999 xx 000 0 und d
020 ## - INTERNATIONAL STANDARD BOOK NUMBER
International Standard Book Number 9780000000000
041 ## - LANGUAGE CODE
Language code of text/sound track or separate title eng
082 ## - DEWEY DECIMAL CLASSIFICATION NUMBER
Classification number 005.13'3
Item number SHA
100 ## - MAIN ENTRY--PERSONAL NAME
Personal name Shaw Z.A.
9 (RLIN) 199973
245 ## - TITLE STATEMENT
Title Learn Python The Hard Way
Remainder of title A Very Simple Introduction To The Terrifyingly Beautiful World Of Computers And Code
250 ## - EDITION STATEMENT
Edition statement 3rd ed.
260 ## - PUBLICATION, DISTRIBUTION, ETC. (IMPRINT)
Date of publication, distribution, etc. 2014
Name of publisher, distributor, etc. Addison Wesley
300 ## - PHYSICAL DESCRIPTION
Extent 287
Accompanying material [OBSOLETE, CAN/MARC] Ref 1592 C (55552)
365 ## - TRADE PRICE
Currency code Rs.
Price amount 2815.29
700 ## - ADDED ENTRY--PERSONAL NAME
Personal name Shaw Z.A.
9 (RLIN) 199973
906 ## - LOCAL DATA ELEMENT F, LDF (RLIN)
d O:0373309-Feb-2017B:SE/SI/373503-Feb-2017
c COMP
b 3519.11

No items available.